| 000 | 00955cam a2200325 4500 | ||
|---|---|---|---|
| 999 |
_c9198 _d9198 |
||
| 001 | 1822764 | ||
| 003 | OSt | ||
| 005 | 20201218123258.0 | ||
| 008 | 710708s1970 enkak bs 001 0 eng | ||
| 010 | _a 79570579 | ||
| 015 | _aB71-03843 | ||
| 020 | _a712113312 | ||
| 040 |
_aDLC _cDLC _dDLC |
||
| 043 | _ae-uk--- | ||
| 050 | 0 | 0 |
_aHG221 _b.H2798 1970 |
| 082 | 0 | 0 |
_a332.4941 _bHAN/M |
| 100 | 1 |
_aHanson, John Lloyd _9690 |
|
| 245 | 1 | 0 |
_aMonetary theory and practice / _c J. L. Hanson. |
| 250 | _a4th ed. | ||
| 260 |
_aLondon, _bMacdonald & Evans, _c1970. |
||
| 300 |
_axiv, 328 p. _billus., form. _c23 cm. |
||
| 350 | _a£1.75 | ||
| 504 | _aIncludes bibliographical references. | ||
| 650 | 0 | _aMoney. | |
| 650 | 0 |
_aMoney _zGreat Britain. |
|
| 650 | 0 | _aInternational finance. | |
| 650 | 0 | _aBanks and banking. | |
| 906 |
_a7 _bcbc _corignew _d3 _encip _f19 _gy-gencatlg |
||
| 942 |
_2ddc _cBK _h332.4941 _iHAN/M _k332.4941 _mHAN/M |
||